The challenge : (Record no. 305)
[ view plain ]
| 000 -LEADER | |
|---|---|
| fixed length control field | 01255cam a2200325 4500 |
| 001 - CONTROL NUMBER | |
| control field | 33707 |
| 003 - CONTROL NUMBER IDENTIFIER | |
| control field | OCoLC |
| 005 - DATE AND TIME OF LATEST TRANSACTION | |
| control field | 20180816094535.0 |
| 008 - FIXED-LENGTH DATA ELEMENTS--GENERAL INFORMATION | |
| fixed length control field | 691125s1969 nyu 000 0 eng |
| 010 ## - LIBRARY OF CONGRESS CONTROL NUMBER | |
| LC control number | 78100047 |
| 020 ## - INTERNATIONAL STANDARD BOOK NUMBER | |
| International Standard Book Number | 671756494 |
| 035 ## - SYSTEM CONTROL NUMBER | |
| System control number | (OCoLC)33707 |
| Canceled/invalid control number | (OCoLC)4740838 |
| 040 ## - CATALOGING SOURCE | |
| Original cataloging agency | DLC |
| Language of cataloging | eng |
| Transcribing agency | DLC |
| Modifying agency | UV$ |
| -- | BTCTA |
| -- | OCLCG |
| -- | OKR |
| -- | IDI |
| -- | TXMLR |
| -- | OCLCF |
| 043 ## - GEOGRAPHIC AREA CODE | |
| Geographic area code | n-us--- |
| 050 00 - LIBRARY OF CONGRESS CALL NUMBER | |
| Classification number | BV3797 |
| Item number | .G679 |
| 082 00 - DEWEY DECIMAL CLASSIFICATION NUMBER | |
| Classification number | 252.06 |
| Item number | G738C |
| 092 0# - LOCALLY ASSIGNED DEWEY CALL NUMBER (OCLC) | |
| Classification number | 252.06 |
| Item number | G7383 |
| 100 1# - MAIN ENTRY--PERSONAL NAME | |
| Personal name | Graham, Billy, |
| Dates associated with a name | 1918- |
| 245 14 - TITLE STATEMENT | |
| Title | The challenge : |
| Remainder of title | sermons from Madison Square Garden / |
| Statement of responsibility, etc. | Billy Graham. |
| 250 ## - EDITION STATEMENT | |
| Edition statement | 1st ed. |
| 260 ## - PUBLICATION, DISTRIBUTION, ETC. | |
| Place of publication, distribution, etc. | Garden City, N.Y. : |
| Name of publisher, distributor, etc. | Doubleday, |
| Date of publication, distribution, etc. | c1969. |
| 300 ## - PHYSICAL DESCRIPTION | |
| Extent | x, 173 p. ; |
| Dimensions | 22 cm. |
| 505 00 - FORMATTED CONTENTS NOTE | |
| Title | Come and know God -- |
| -- | The other death -- |
| -- | Man in rebellion -- |
| -- | The prodigal son -- |
| -- | Heaven and hell -- |
| -- | Truth and Freedom -- |
| -- | Let's be radical -- |
| -- | Two sets of eyes -- |
| -- | The giants you face -- |
| -- | The day to come. |
| 520 ## - SUMMARY, ETC. | |
| Summary, etc. | A spiritual message to modern man based on ten sermons preached by the famous evangelist during his 1969 New York Crusade. |
| 650 #0 - SUBJECT ADDED ENTRY--TOPICAL TERM | |
| Topical term or geographic name entry element | Evangelistic sermons. |
| 650 #0 - SUBJECT ADDED ENTRY--TOPICAL TERM | |
| Topical term or geographic name entry element | Baptists |
| Form subdivision | Sermons. |
| 650 #0 - SUBJECT ADDED ENTRY--TOPICAL TERM | |
| Topical term or geographic name entry element | Sermons, American |
| Chronological subdivision | 20th century. |
| 655 #7 - INDEX TERM--GENRE/FORM | |
| Genre/form data or focus term | Sermons. |
| Source of term | fast |
| Authority record control number or standard number | (OCoLC)fst01423904 |
| 942 ## - ADDED ENTRY ELEMENTS (KOHA) | |
| Source of classification or shelving scheme | Dewey Decimal Classification |
| Koha item type | Books |
| Withdrawn status | Lost status | Source of classification or shelving scheme | Damaged status | Not for loan | Collection code | Home library | Current library | Shelving location | Date acquired | Total Checkouts | Full call number | Barcode | Date last seen | Price effective from | Koha item type |
|---|---|---|---|---|---|---|---|---|---|---|---|---|---|---|---|
| Dewey Decimal Classification | Non-fiction | Harvest Mission College | Harvest Mission College | General Stacks | 16.08.2018 | 252.06 G738C | 002554 | 16.08.2018 | 16.08.2018 | Books |
